000 00630nam a22002177a 4500
003 BD-DhJNU
005 20250305080913.0
008 250305b |||||||| |||| 00| 0 eng d
020 _a978033904688
020 _a0333904680
040 _aBD-DhJNU
_bENG
_cBD-DhJNU
_dBD-DhJNU
082 _223
_a303.388
100 _aAbraham, Francis
245 _aSociological thought /
_cFrancis Abraham and John Henry Morgan
260 _aChennai :
_bMacmillan,
_c2008.
300 _axix, 263 p. :
_c21 cm.
504 _aincludes bibliographical reference
650 _aSocial Science
700 _aMorgan, John Henry
942 _2ddc
_cBK
_n0
999 _c1451
_d1451